| 000 | 00802nam a2200217 i 4500 | ||
|---|---|---|---|
| 999 |
_c3130 _d3130 |
||
| 003 | OSt | ||
| 005 | 20210818080634.0 | ||
| 008 | 790917s1979 flua b 101 0 eng | ||
| 020 | _a0815104537 | ||
| 040 | _cALUPE UNIVERSITY | ||
| 050 | 0 | 0 |
_aRD96 _b.P4 1979 |
| 245 | 0 | 0 |
_aPediatric burns / _cedited by Wm. Carl Bailey. |
| 260 |
_aMiami : _bSymposia Specialists ; _aChicago : _bdistributed by Year Book Medical Publishers, _cc1979. |
||
| 300 |
_axi, 151 p. : _bill. ; _c24 cm. |
||
| 500 | _a"From the fourth annual meeting of the Children's Hospital, Denver, Colorado." | ||
| 504 | _aIncludes bibliographical references and index. | ||
| 650 | 0 |
_aBurns and scalds in children _xCongresses. |
|
| 700 | 1 | _aBailey, William Carl. | |
| 906 |
_a7 _bcbc _corignew _d2 _eopcn _f19 _gy-gencatlg |
||
| 942 |
_2lcc _cREF _nPW |
||